ARRUPE JESUIT UNIVERSITY

CORONAVIRUS -STOP THE SPREAD - CLEAN,DISINFECT,COVER

From Third World to one world : (Record no. 21706)

MARC details
000 -LEADER
fixed length control field 01439cam a2200337 a 4500
001 - CONTROL NUMBER
control field 2919907
003 - CONTROL NUMBER IDENTIFIER
control field ARRUPE
005 - DATE AND TIME OF LATEST TRANSACTION
control field 20170602123035.0
008 - FIXED-LENGTH DATA ELEMENTS--GENERAL INFORMATION
fixed length control field 890522s1988 inubf b s100 0 eng
010 ## - LIBRARY OF CONGRESS CONTROL NUMBER
LC control number 88202457
020 ## - INTERNATIONAL STANDARD BOOK NUMBER
Cancelled/invalid ISBN 0940100003
040 ## - CATALOGING SOURCE
Original cataloging agency DLC
Transcribing agency DLC
Modifying agency DLC
043 ## - GEOGRAPHIC AREA CODE
Geographic area code f------
050 00 - LIBRARY OF CONGRESS CALL NUMBER
Classification number DT30.5
Item number .P27 1988
082 00 - DEWEY DECIMAL CLASSIFICATION NUMBER
Classification number 960/.32
Edition number 19
300 ## - PHYSICAL DESCRIPTION
Other physical details map ;
Dimensions 23 cm.
111 2# - MAIN ENTRY--MEETING NAME
Meeting name or jurisdiction name as entry element Pan-African Conference.
9 (RLIN) 32104
245 10 - TITLE STATEMENT
Title From Third World to one world :
Remainder of title the pan-African perspective /
Statement of responsibility, etc edited by François N. Muyumba, Esther Atcherson.
260 ## - PUBLICATION, DISTRIBUTION, ETC. (IMPRINT)
Place of publication, distribution, etc Terre Haute, IN :
Name of publisher, distributor, etc Center for Afro-American Studies, Indiana State University,
Date of publication, distribution, etc c1988.
300 ## - PHYSICAL DESCRIPTION
Extent xvi, 273 p., [1] leaf of plates :
500 ## - GENERAL NOTE
General note "Collection of ... essays prepared for annual Pan-African Conferences during the mid 1980's at Indiana State University"--P. [4] of cover.
504 ## - BIBLIOGRAPHY, ETC. NOTE
Bibliography, etc Includes bibliographies.
650 #0 - SUBJECT ADDED ENTRY--TOPICAL TERM
Topical term or geographic name as entry element Pan-Africanism
General subdivision Congresses.
9 (RLIN) 30885
651 #0 - SUBJECT ADDED ENTRY--GEOGRAPHIC NAME
Geographic name Africa
General subdivision Economic conditions
Chronological subdivision 1960-
General subdivision Congresses.
9 (RLIN) 32105
651 #0 - SUBJECT ADDED ENTRY--GEOGRAPHIC NAME
Geographic name Africa
General subdivision Social conditions
Chronological subdivision 1960-
General subdivision Congresses.
9 (RLIN) 32106
651 #0 - SUBJECT ADDED ENTRY--GEOGRAPHIC NAME
Geographic name Africa
General subdivision Civilization
Chronological subdivision 20th century
General subdivision Congresses.
9 (RLIN) 32107
700 1# - ADDED ENTRY--PERSONAL NAME
Personal name Muyumba, François N.
9 (RLIN) 32108
700 1# - ADDED ENTRY--PERSONAL NAME
Personal name Atcherson, Esther.
9 (RLIN) 32109
710 2# - ADDED ENTRY--CORPORATE NAME
Corporate name or jurisdiction name as entry element Indiana State University.
Subordinate unit Center for Afro-American Studies.
9 (RLIN) 32110
906 ## - LOCAL DATA ELEMENT F, LDF (RLIN)
a 7
b cbc
c orignew
d 2
e ncip
f 19
g y-gencatlg
942 ## - ADDED ENTRY ELEMENTS (KOHA)
Source of classification or shelving scheme Library of Congress Classification
Koha item type Monograph ( Printed materials)
Holdings
Withdrawn status Lost status Source of classification or shelving scheme Damaged status Not for loan Collection code Home library Current library Date acquired Total Checkouts Full call number Barcode Date last seen Copy number Price effective from Koha item type
    Library of Congress Classification     Main Collection ARRUPE LIBRARY ARRUPE LIBRARY 04/03/2013   DT30.5.P27 1988 46500028404 07/12/2017 1 04/03/2013 Monograph ( Printed materials)

 

Arrupe Library. PO Box MP320 Mt Pleasant, Harare, Zimbabwe
263 242 745411|librarian@aju.ac.zw